2023 Missouri Tigers Football - Statistics

General Stats
  • This quiz has been taken 18 times
  • The average score is 21 of 105
Answer Stats
# Pos Answer % Correct
12 QB Brady Cook
80%
3 WR Luther Burden
80%
7 RB Cody Schrader
67%
1 WR Theo Wease
67%
5 WR Mookie Cooper
60%
87 TE Brett Norfleet
53%
74 OT Cam'Ron Johnson
53%
6 DL Darius Robinson
53%
2 CB Ennis Rakestraw
53%
50 OG Marcellus Johnson
53%
17 WR Marquis Johnson
53%
8 RB Nathaniel Peat
53%
4 CB Tre'Vez Johnson
53%
79 OT Armand Membou
47%
16 WR Daniel Blood
47%
92 K Harrison Mevis
47%
15 DL Johnny Walker
47%
10 WR Mekhi Miller
47%
36 TE Tucker Miller
47%
8 LB Ty'Ron Hopper
47%
19 K Blake Craig
40%
13 S Daylan Carnell
40%
0 WR Josh Manning
40%
7 CB Kris Abrams-Draine
40%
24 WR Micah Manning
40%
21 QB Sam Horn
40%
22 RB Tavorus Jones
40%
15 QB Tommy Lock
40%
72 OG Xavier Delgado
40%
9 LB Chad Bailey
33%
6 QB Jake Garcia
33%
20 RB Jamal Roberts
33%
1 S Jaylon Carlies
33%
86 TE Jordon Harris
33%
55 C Connor Tollison
27%
0 DL Jayden Jernigan
27%
28 S Joseph Charleston
27%
93 P Luke Bauer
27%
20 CB Marvin Burks
27%
99 DL Realus George
27%
80 TE Tyler Stephens
27%
30 LB Chuck Hicks
20%
76 OT Javon Foster
20%
5 DL Kristian Williams
20%
33 DL Marquis Gracial
20%
35 RB Michael Cox
20%
97 P Riley Williams
20%
94 DL Sam Williams
20%
3 CB Sidney Williams
20%
52 DL Jahkai Lang
13%
82 WR Logan Muckey
13%
16 LB Brayshawn Littlejohn
7%
14 QB Brett Brown
7%
49 LS Brett Le Blanc
7%
77 OL Curtis Peagler
7%
10 LB Dameon Wilson
7%
11 LB DJ Wesolak
7%
69 OL Drake Heismeyer
7%
12 CB Dreyden Norwood
7%
66 OL Logan Reichert
7%
19 CB Marcus Clarke
7%
56 LB Nate Norris
7%
21 DL Nyles Gaddy
7%
9 WR Peanut Houston
7%
84 TE Ryan Hoerstkamp
7%
81 TE Shawn Hendershot
7%
73 OL Tristan Wilson
7%
14 LB Triston Newson
7%
51 LB Tyson Ellison
7%
22 LB Will Norris
7%
97 DL Andrew Serrano
0%
31 RB Anthony Favrow
0%
98 DL Austin Firestone
0%
62 OL Bence Polgar
0%
46 DL Ben Straatmann
0%
35 DB Boyton Cheney
0%
78 OL Brandon Solis
0%
33 RB Bryce Jackson
0%
39 DB Caimin Hayes
0%
41 LB Carmycah Glass
0%
38 RB Christopher Kreh
0%
36 DB Devyn Butler
0%
18 QB Dylan Laible
0%
43 DB Isaac Thompson
0%
57 LS Jack Kautz
0%
68 OL Jack McGarry
0%
81 DL Jack Meyer
0%
95 DL Jalen Marshall
0%
25 WR Ja'Marion Wayne
0%
45 DL Joe Moore
0%
90 DL Josh Landry
0%
88 DL Ky Montgomery
0%
58 OL MaKyi Lee
0%
75 OL Mitchell Walters
0%
31 CB Nasir Pogue
0%
24 DB Nicholas DeLoach
0%
96 K Nick Quadrini
0%
29 WR Noah Flaskamp
0%
29 DB Phillip Roche
0%
34 S Ricardo Merriweather
0%
32 DL Serigne Tounkara
0%
26 CB Shamar McNeil
0%
55 LB Tommy Reese
0%
59 LS Trey Flint
0%
67 OL Xavier Machado
0%
No matching quizzes found
Score Distribution
Percent of People with Each Score
Percentile by Number Answered
Your Score History
You have not taken this quiz